MARC

LEADER 00000nam0a2200000 4500
001 357253
005 20231102010955.0
035 |a (RuTPU)RU\TPU\retro\14521 
090 |a 357253 
100 |a 20200804d1925 km y0rusy50 ca 
101 0 |a rus  |a fre 
102 |a RU 
105 |a a z 100zy 
200 1 |a Новые гидравлически правильные конструкции пламенных печей  |e доклад на V-м Конгрессе Прикладной Химии в Париже в 1925 г.  |f В. Е. Грумм-Гржимайло (Грум-Гржимайло)  |g РСФСР, Высший совет народного хозяйства (ВСНХ)  |d Constructions Rationelles Nouvelles de Fours a Flammes, Basees sur les Lois de L'Hidraulique 
210 |a Москва  |c Бюро Металлургических и Теплотехнических Конструкций  |d 1925 
215 |a 34 с.  |c черт. 
316 |5 63413507: 48//127  |a На титульном листе дарственная надпись: "Въ БиблIотеку Томского Технол. Ин-та автор. 10 с. 1925 г." 
510 1 |a Constructions Rationelles Nouvelles de Fours a Flammes, Basees sur les Lois de L'Hidraulique  |z fre 
606 1 |a Пламенные печи  |2 stltpush  |3 (RuTPU)RU\TPU\subj\48978  |9 67791 
610 1 |a металлургия 
610 1 |a металлургические печи 
610 1 |a конструкции 
610 1 |a гидравлические исследования 
610 1 |a обжиговые печи 
610 1 |a термическая обработка 
610 1 |a закалка 
610 1 |a нагрев 
610 1 |a рекуперативные установки 
610 1 |a рекуперативные установки 
610 1 |a доменные печи 
610 1 |a кольцевые печи 
610 1 |a коллекция ТПУ 
610 1 |a конгрессы 
610 1 |a Париж 
610 1 |a доклады 
610 1 |a дарственные надписи 
610 1 |a дары автора 
610 1 |a дары библиотеке 
675 |a 621.745.3(063)  |v 4 
700 1 |a Грумм-Гржимайло (Грум-Гржимайло)  |b В. Е.  |c металлург  |c член-корреспондент АН СССР  |f 1864-1928  |g Владимир Ефимович  |2 stltpush  |3 (RuTPU)RU\TPU\pers\10612  |9 2288 
712 0 1 |a РСФСР  |b Высший совет народного хозяйства (ВСНХ)  |c (1917-1932)  |2 stltpush  |3 (RuTPU)RU\TPU\col\20074 
712 1 2 |a Конгресс прикладной химии  |d 5  |e Париж  |f 1925  |4 570 
801 1 |a RU  |b 63413507  |c 20200804 
801 2 |a RU  |b 63413507  |c 20201210  |g RCR 
942 |c BK